000 00744nam a2200265 i 4500
001 C2-0281857
003 PPAK
005 20180728012338.0
008 070910s2000 nyu |||| ||||| | eng d
020 _a0590511599
040 _aPPAK
_beng
_cPPAK
_erda
082 0 4 _a808.883
_223
090 0 0 _a808.883
_bMCK
_dLCK
100 1 _aMcKissack, Patricia C,
_eauthor
245 1 0 _aColor me dark :
_bthe diary of Nellie Lee Love, the great migration north
264 1 _aNew York :
_bScholastic ,
_c2000
300 _a218 pages ;
_c19 cm
336 _2rdacontent
_atext
337 _2rdamedia
_aunmediated
338 _2rdacarrier
_avolume
490 1 _adear america
650 1 0 _aDiaries--Fiction
830 0 _adear america
942 _ddc
_cB
999 _c88154
_d88154